=LDR 00000nam 2200000 4500 =001 INLIS000000000006391 =005 20220610023115 =035 ##$$a 0010-0622000252 =245 1#$$a Wireless Charger Keep Out Noise /$c TETSUO HIRAYAMA =100 1#$$a HIRAYAMA, Tetsuo =250 ##$$a Edisi Vol. 20, Serial No. 231 Desember 2015 =300 ##$$a 62 halaman : $b Tabel, Gambar ; $c 21x28 cm =260 ##$:$b Dempa Asia Electronics Industry,$c 2015 =082 ##$$a 050.37 =084 ##$$a 050.37 HIR w =500 ##$$a Special Report : Electric Car Devices Survive Heat, Stress Sensors Play Vital Role in Iot Age =990 ##$$a 06/MJ-16